| 000 | 01440cam a2200313 a 4500 | ||
|---|---|---|---|
| 001 | 13779785 | ||
| 005 | 20250402133248.0 | ||
| 008 | 041112s2005 enk d 000 0 eng | ||
| 010 | _a 2004026891 | ||
| 020 | _a0754640388 (hardcover : alk. paper) | ||
| 040 |
_aDLC _cDLC _dDLC |
||
| 050 | 0 | 0 |
_aZ1006 _b.H32 2005 |
| 082 | 0 | 0 |
_a020.3 _223 |
| 100 | 1 |
_aPrytherch, Raymond John. _95332 |
|
| 245 | 1 | 0 |
_aHarrod's librarians' glossary and reference book : _ba directory of over 10,200 terms, organizations, projects and acronyms in the areas of information management, library science, publishing and archive management / _ccompiled by Ray Prytherch. |
| 246 | 3 | 0 | _aLibrarians' glossary and reference book |
| 250 | _a10th ed. | ||
| 260 |
_aAldershot, Hants, England ; _aBurlington, VT : _bAshgate, _cc2005. |
||
| 300 |
_axi, 753 p. ; _c24 cm. |
||
| 650 | 0 |
_aLibrary science _vDictionaries. _95333 |
|
| 650 | 0 |
_aInformation science _vDictionaries. _95334 |
|
| 650 | 0 |
_aPublishers and publishing _vDictionaries. _95335 |
|
| 650 | 0 |
_aBook industries and trade _vDictionaries. _95336 |
|
| 650 | 0 |
_aArchives _xAdministration _vDictionaries. _95337 |
|
| 650 | 0 |
_aBibliography _vDictionaries. _95338 |
|
| 906 |
_a7 _bcbc _corignew _d1 _eecip _f20 _gy-gencatlg |
||
| 942 |
_2ddc _cBK |
||
| 999 |
_c6608 _d6608 |
||